Quizzes
Events
Quiz Creation
Community
Videos
Private Events
Remove Ads
Sign In
Join for FREE
Feedback
Dark Mode
Quiz Categories
Sports
Geography
Music
Movies
Television
Just For Fun
Miscellaneous
History
Literature
Language
Science
Gaming
Entertainment
Religion
Holiday
For Kids
Quiz Lab
Recent
Popular Today
Quiz Kudos Today
Editor Picks
Curator Picks
Quizzes by...
Day
Popularity
Type
Ratings
Length
Year
Community
Subscriptions
Recent Discussions
Orange Saloon
Badges
Playlists
Quests
Create
Leaderboards
Showdown
Live 5
Trivia Bingo
Activity
Puzzle Library
Sporcle Events
Private Events
Virtual Trivia
Globe League
Become a Host
Pub Owners
SporcleCon
Opinionation
Our Games
Videos
Blog
Mobile Apps
Partnerships
Remove Ads and Go Orange
Feedback
Television
TV Characters
TV Show
Sitcom
Network
Friends
Reality Shows
Cast
South Park
Star Trek
The Simpsons
Doctor Who
Television
TV Characters
TV Show
Sitcom
Network
Friends
Reality Shows
Cast
South Park
Star Trek
The Simpsons
Doctor Who
Random Quiz
Search Sporcle
×
Curator Pick
Curator Pick
Television
Movie Characters
Type answers based on single images at one time
Type answers based on single images at one time
Slideshow
Best Score? Go Orange.
American Dad Movie Parodies II Stats
Can you name the movies American Dad have parodied?
By
chaosBEE
6m
20 Questions
1,229 Plays
1,229 Plays
1,229 Plays
Comments
Comments
Give Quiz Kudos
Give Quiz Kudos
-
- Ratings
hide this ad
Replay
Link that replays current quiz
Next Quiz
Link to next quiz in quiz playlist
You Got
0%
They Got
Avg Score
57%
Avg Friend Score
Upgrade to see
Score Distribution
Jump to the score distribution portion of the page
Score
0/20
Timer
06:00
0
Plays Today
% Correct
Avatar
95.2%
E.T. the Extra-Terrestrial
95.2%
Men in Black
83.9%
Free Willy
80.7%
Shawshank Redemption
77%
Psycho
77%
The Wizard of Oz
67.6%
Carrie
67.2%
Chitty Chitty Bang Bang
64.2%
Good Will Hunting
62.4%
% Correct
Taken
62%
Mad Max: Fury Road
55.3%
You Only Live Twice
47.4%
Say Anything...
44.8%
Aliens
39.2%
The Warriors
35%
Halloween
32.9%
Requiem for a Dream
24.2%
Jaws
23.8%
Total Recall
15.7%
Quiz Playlist
Details
Report
Send in Message
Add To Playlist
Slideshow:
Type answers based on single images at one time
Last Updated: Mar 8, 2018
Curator Pick in
Movie Characters
Quiz Scoreboard
CHALLENGE
Sign Up to Join the Scoreboard
Show All
Scores
Hide
Comments
May contain spoilers
Recently Published
9x9 Crossword: Cartoon Network
by jackfrog10
Miscellaneous
3m
College Basketball Coaching Resumes
by pancakes188
Sports
9m
Billboard Blitz: Fleetwood Mac
by CooCooCachoo
Music
15s
More to Explore
Quiz From the Vault
Featured Blog Post
Where Did the Easter Bunny Come From?
hide this ad
You Might Also Like...
Tags
Animation Quiz
Cartoons Quiz
Famous Quiz
Movie Characters Quiz
Movie Titles Quiz
Show Quiz
TV Show Quiz
America
dad
Image Quiz
Parody
Slideshow
Today's Top Quizzes in Television
Browse Television
hide this ad
Today's Top Quizzes in Movie Characters
Browse Movie Characters
Top Contributed Quizzes in Television
1
5-to-1: The Simpsons Families
2
5-to-1: Television Doctors
3
7-to-1: TV Show Settings
4
Adjectives in 00s TV Shows
5
Adjectives in 80s TV Shows
6
5-to-1: Streaming Originals
7
Adjectives in 10s TV Shows
8
Survivor Seasons
9
One Piece Logic Puzzle
10
All US Survivor Seasons in Order
Explore More
Trending Topics
Marvel
Disney
Anime
Crossword
Kpop
NBA
Harry Potter
WWE
Puzzle
Country
Song
Pokémon
NFL
The Office
Soccer
hide this ad
More By:
chaosBEE
Quiz
Plays
Rating
Category
Featured
Created
Food Bunker
419,897
4.05
Miscellaneous
Apr 9, 2016
Soccer Players Venn Diagram
320,250
4.47
Sports
Jun 13, 2016
US Presidents Venn Diagram
221,811
4.75
History
Jul 7, 2016
Mixed Soccer Logos
214,861
4.42
Sports
May 6, 2016
Animal Bunker
211,320
4.21
Science
Apr 7, 2016
Go to Creator's Profile
Score Distribution
Quiz Creator Spotlight
chaosBEE
Follow
Send a Message
Quizzes Created
-
Created Quiz Play Count
-
More By This Creator
Popular Quizzes Today
1
Find the US States - No Outlines Minefield
2
Find the Countries of Europe - No Outlines Minefield
3
The Countries of the World
4
Find the US States
5
Risky Map Clicking: Biggest States A-Z
6
US States
7
Popular People in 1961
8
Movies - When Are They Set?
More Television Quizzes
It's Always Sunny In Philadelphia Cast
Published
Trending Quizzes
Risky Map Clicking: Least Populous States A-Z
1-10 Letter G Words
1-10 Letter F Words
Risky Map Clicking: Next State Alphabetically
Adjectives in 80s TV Shows
Recently Updated
Leaping Animals
pecheneg
Reality TV Shows (A-Z)
bhenderson79
Rickey Henderson's Hall of Fame Teammates
pecheneg
Champions League XIs: Arsenal
pecheneg
Quick Pick: Celebrities in WWE's Hall of Fame
aduchscher
A-Z Keypad Blitz II
pecheneg
Multiple Oscar Actors
pecheneg
Mystery Phrase Blitz: Oscar 'Best Actors'
pecheneg
F. Scott Fitzgerald Novels
LTH
Pick 3 Villains
ddd62291
Trending Topics
Disney
Crossword
Kpop
NBA
Marvel
Harry Potter
Anime
NFL
The Office
Country
Song
Soccer
Puzzle
WWE
Pokémon
Your Account Isn't Verified!
In order to create a playlist on Sporcle, you need to verify the email address you used during registration. Go to your
Sporcle Settings
to finish the process.
Report this User
Report this user for behavior that violates our
Community Guidelines
.
Details:
Send Report
Go to the Sporcle.com Mobile Site →
Comments